<?xml version="1.0" encoding="UTF-8"?>
<record
    xmlns:xsi="http://www.w3.org/2001/XMLSchema-instance"
    xsi:schemaLocation="http://www.loc.gov/MARC21/slim http://www.loc.gov/standards/marcxml/schema/MARC21slim.xsd"
    xmlns="http://www.loc.gov/MARC21/slim">

  <leader>01331cam a2200325   4500</leader>
  <controlfield tag="001">21856</controlfield>
  <controlfield tag="003">BD-RjUL</controlfield>
  <controlfield tag="005">20211209000734.0</controlfield>
  <controlfield tag="008">140230r19521906n  f          000 0 eng</controlfield>
  <datafield tag="035" ind1=" " ind2=" ">
    <subfield code="a">(BD-RjUL)21921</subfield>
  </datafield>
  <datafield tag="040" ind1=" " ind2=" ">
    <subfield code="a">DLC</subfield>
    <subfield code="c">CarP</subfield>
    <subfield code="d">DLC</subfield>
    <subfield code="d">BD-RjUL</subfield>
    <subfield code="b">eng</subfield>
  </datafield>
  <datafield tag="041" ind1=" " ind2=" ">
    <subfield code="a">eng</subfield>
  </datafield>
  <datafield tag="051" ind1=" " ind2=" ">
    <subfield code="a">PS1964</subfield>
    <subfield code="b">.A1 1858 Copy 2</subfield>
    <subfield code="c">Another copy.</subfield>
  </datafield>
  <datafield tag="051" ind1=" " ind2=" ">
    <subfield code="a">PS1964</subfield>
    <subfield code="b">.A1 1858 Copy 3</subfield>
    <subfield code="c">Another copy.</subfield>
  </datafield>
  <datafield tag="051" ind1=" " ind2=" ">
    <subfield code="a">PS1964</subfield>
    <subfield code="b">.A1 1858 Copy 4</subfield>
    <subfield code="c">Another copy. In case. Gift of Leonard Kebler, Jan. 12, 1949.</subfield>
  </datafield>
  <datafield tag="051" ind1=" " ind2=" ">
    <subfield code="a">PS1964</subfield>
    <subfield code="b">.A1 1858 Copy 5</subfield>
    <subfield code="c">Another copy. In case. Letter laid in. Gift of Leonard Kebler, Jan. 12, 1949.</subfield>
  </datafield>
  <datafield tag="051" ind1=" " ind2=" ">
    <subfield code="a">PS1964</subfield>
    <subfield code="b">.A1 1858 Copy 6</subfield>
    <subfield code="c">Another copy.</subfield>
  </datafield>
  <datafield tag="082" ind1="0" ind2="4">
    <subfield code="a">824</subfield>
    <subfield code="b">HOA 1952</subfield>
  </datafield>
  <datafield tag="100" ind1="1" ind2=" ">
    <subfield code="a">Holmes, Oliver Wendell,</subfield>
    <subfield code="d">1809-1894.</subfield>
    <subfield code="9">67483</subfield>
  </datafield>
  <datafield tag="245" ind1="1" ind2="4">
    <subfield code="a">The autocrat of the breakfast-table /</subfield>
    <subfield code="c">Oliver Wendell Holmes,</subfield>
  </datafield>
  <datafield tag="260" ind1=" " ind2=" ">
    <subfield code="a">London :</subfield>
    <subfield code="b">Dent &amp; sons,</subfield>
    <subfield code="c">1906 [reprinted 1952].</subfield>
  </datafield>
  <datafield tag="300" ind1=" " ind2=" ">
    <subfield code="a">x, 300 p. ;</subfield>
    <subfield code="c">19 cm.</subfield>
  </datafield>
  <datafield tag="500" ind1=" " ind2=" ">
    <subfield code="a">Added t.p., illustrated.</subfield>
  </datafield>
  <datafield tag="500" ind1=" " ind2=" ">
    <subfield code="a">First edition, with title-page in red and black, and motto in small type "Every man his own Boswell."</subfield>
  </datafield>
  <datafield tag="500" ind1=" " ind2=" ">
    <subfield code="a">Issued also without added t.p. - cf. G.B. Ives, Bibliography of Holmes, 1907, p. 165-166.</subfield>
  </datafield>
  <datafield tag="650" ind1=" " ind2=" ">
    <subfield code="a">Holmes, Oliver Wendell, 1809-1894.</subfield>
    <subfield code="9">67484</subfield>
  </datafield>
  <datafield tag="942" ind1=" " ind2=" ">
    <subfield code="2">ddc</subfield>
    <subfield code="c">BK</subfield>
  </datafield>
  <datafield tag="999" ind1=" " ind2=" ">
    <subfield code="c">21856</subfield>
    <subfield code="d">21856</subfield>
  </datafield>
  <datafield tag="952" ind1=" " ind2=" ">
    <subfield code="0">0</subfield>
    <subfield code="1">0</subfield>
    <subfield code="2">ddc</subfield>
    <subfield code="4">0</subfield>
    <subfield code="7">2</subfield>
    <subfield code="8">NFIC</subfield>
    <subfield code="a">RUCL</subfield>
    <subfield code="b">RUCL</subfield>
    <subfield code="c">Reading</subfield>
    <subfield code="d">1955-09-17</subfield>
    <subfield code="e">BH.Blackwell.ltd</subfield>
    <subfield code="g">5.00</subfield>
    <subfield code="l">0</subfield>
    <subfield code="o">824 HOA 1952</subfield>
    <subfield code="r">2014-03-05 00:00:00</subfield>
    <subfield code="t">C-1</subfield>
    <subfield code="w">2014-03-05</subfield>
    <subfield code="y">BK</subfield>
  </datafield>
</record>
